=LDR 00000nam 2200000 4500 =001 NUTBA000000000002040 =005 20140531123738.0 =006 =007 =008 =035 ##$$0010-051400000000505 =082 ##$$a 741.5 =100 ##$$a JULES VERNE =245 ##$$a AROUND THE WORLD IN 80 DAYS =260 ##$$a JAKARTA $b ELEX MEDIA KOMPUTINDO =850 ##$$a NBPNMAT =990 ##$$a 21400613/BPAP-NTB/20142014 =990 ##$$a 0001/BPAP-NTB/2015 =990 ##$$a 0001/BPAP-NTB/2015